| 000 | 00774nam a22002417a 4500 | ||
|---|---|---|---|
| 001 | 1456 | ||
| 003 | CO-MdFUSB | ||
| 005 | 20180622072713.0 | ||
| 008 | 170310t1966 enk||||| |||| 00| 0 eng d | ||
| 040 |
_aCO-MdFUSB _bspa _cCO-MdFUSB _dCO-MdFUSBC _erda |
||
| 041 | 0 | _aeng | |
| 082 | 0 | 4 | _aG 201 P278r |
| 100 | 1 |
_aPascal, Blas (1623-1662) _eautor |
|
| 245 | 0 |
_aPensées _c / Pascal ; A. J. Krailsheimer, Traducción e introducción _b: |
|
| 264 | 4 |
_aHarmondsworth, Middlesex, England : _bPenguin, _c©1966 |
|
| 300 |
_a359 Pag. _b: _c; |
||
| 336 |
_2rdacontent _a1 _ba1 |
||
| 337 |
_2rdamedia _a2 _b5 |
||
| 338 |
_2rdacarrier _a2 _b5 |
||
| 653 | _aTeología dogmática - Primeras obras - Antes de 1800 | ||
| 653 | _aApologética - Primeras obras - Antes de 1800 | ||
| 942 | _cBK | ||
| 999 |
_c32776 _d32776 |
||